The Great Idol of Tiahuanaco (Record no. 9257)

MARC details
000 -CABECERA
campo de control de longitud fija 00755nam a2200229 a 4500
001 - NÚMERO DE CONTROL
campo de control BRL_445
005 - FECHA Y HORA DE LA ÚLTIMA TRANSACCIÓN
campo de control 20190320210739.0
008 - DATOS DE LONGITUD FIJA--INFORMACIÓN GENERAL
campo de control de longitud fija 130813s1959----enka######---#000-0#eng-#
041 ## - CÓDIGO DE LENGUA
Código de lengua del texto/banda sonora o título independiente eng
044 ## - CÓDIGO DEL PAÍS DE LA ENTIDAD EDITORA/PRODUCTORA
Código MARC del país enk
050 #4 - SIGNATURA TOPOGRÁFICA DE LA BIBLIOTECA DEL CONGRESO
Número de clasificación F3319.1.T55
Número de documento/Ítem .B45 1959
100 1# - ENTRADA PRINCIPAL--NOMBRE DE PERSONA
Nombre de persona Bellamy, Hans Schindler,
Fechas asociadas al nombre 1901-
9 (RLIN) 23939
245 10 - MENCIÓN DE TÍTULO
Título The Great Idol of Tiahuanaco
Resto del título An interpretation in tthe Light of the Hoerbiger Theory of Satellites of the Glyphs carvedon its surface
Mención de responsabilidad, etc. by H.S. Bellamy and P. Allan
260 ## - PUBLICACIÓN, DISTRIBUCIÓN, ETC.
Lugar de publicación, distribución, etc. London
Nombre del editor, distribuidor, etc. Faber and Faber
Fecha de publicación, distribución, etc. 1959
300 ## - DESCRIPCIÓN FÍSICA
Extensión 192 p.
Otras características físicas il.
Dimensiones 23 p.
500 ## - NOTA GENERAL
Nota general Au467
500 ## - NOTA GENERAL
Nota general Bibliografía: p. 190
651 #4 - PUNTO DE ACCESO ADICIONAL DE MATERIA--NOMBRE GEOGRÁFICO
Nombre geográfico Tiahuanacu, Bolivia
Subdivisión general Antigüedades
9 (RLIN) 23940
700 1# - PUNTO DE ACCESO ADICIONAL--NOMBRE DE PERSONA
Nombre de persona Allan, Peter
Fechas asociadas al nombre 1898-
9 (RLIN) 23941
902 ## - CATALOGADOR
Iniciales GRL
942 ## - ELEMENTOS DE PUNTO DE ACCESO ADICIONAL (KOHA)
Fuente del sistema de clasificación o colocación Library of Congress Classification
Tipo de ítem Koha Libros
Holdings
Estado de retiro Estado de pérdida Estado dañado No para préstamo Localización permanente Ubicación/localización actual Fecha de adquisición Número de inventario Total de préstamos Signatura topográfica completa Código de barras Fecha visto por última vez Precio válido a partir de Tipo de ítem Koha
El ejemplar forma parte de la colección y puede ser consultado según las políticas vigentes.       Biblioteca Centro de Estudios Ruth D. Lechuga Biblioteca Centro de Estudios Ruth D. Lechuga 13/08/2013 Au467   F3319.1.T55 .B45 1959 (Au467) GRL00478 22/03/2019 22/03/2019 Libros